000 00247nam a22001097a 4500
082 _a900/REA
100 _aReang,Lincoln
_983938
245 _aHistory of the Reang ( BRU )
260 _aGuwajati
_bEBH Pub.
_c2024
650 _aHistory
942 _cBK
999 _c68951
_d68951